| 000 | 00564nam a22001937a 4500 | ||
|---|---|---|---|
| 003 | OSt | ||
| 005 | 20140310183015.0 | ||
| 008 | 130212t xxu||||| |||| 00| 0 eng d | ||
| 020 | _a9789715848756 | ||
| 050 |
_a LB 1765.P6 _b.Ag274 2009 |
||
| 100 | _a Agno, Lydia N. | ||
| 245 |
_aProfessional education : _bpreparing for the licensure examination for teachers / _cLydia N. Agno |
||
| 260 |
_aQuezon City : _bC & E Publishing, Inc., _c2009. |
||
| 300 |
_a223 p. : _c26 cm. _bill. ; |
||
| 521 | _aEDU | ||
| 562 | _e1 | ||
| 942 |
_2lcc _cBK _kLOC |
||
| 999 |
_c18292 _d18292 |
||